000 00325nam a2200145Ia 4500
003 OSt
005 20231230063808.0
008 170524s9999 xx 000 0 und d
020 _a8125910808
040 _cIIMT UNIVERSITY
100 _aBIJOOR- H
245 0 _aMARKETING TRENDS
260 _bVIKAS PUB.HOUSE
942 _2ddc
_c02
999 _c7882
_d7882